Educational psychology / (Record no. 361690)
[ view plain ]
| 000 -LEADER | |
|---|---|
| fixed length control field | 00486nam a2200157Ia 4500 |
| 008 - FIXED-LENGTH DATA ELEMENTS--GENERAL INFORMATION | |
| fixed length control field | 190426s9999 xx 000 0 und d |
| 020 ## - INTERNATIONAL STANDARD BOOK NUMBER | |
| International Standard Book Number | 9781259922145 |
| 100 ## - MAIN ENTRY--PERSONAL NAME | |
| Personal name | Santrock, John W.-- |
| 245 ## - TITLE STATEMENT | |
| Statement of responsibility, etc | John W. Santrock.-- |
| Title | Educational psychology / |
| 250 ## - EDITION STATEMENT | |
| Edition statement | 6th ed |
| 260 ## - PUBLICATION, DISTRIBUTION, ETC. (IMPRINT) | |
| Place of publication, distribution, etc | New York : |
| Name of publisher, distributor, etc | McGraw- Hill |
| Date of publication, distribution, etc | 2018 |
| 300 ## - PHYSICAL DESCRIPTION | |
| Extent | xxxvi, 568 pages. |
| 500 ## - GENERAL NOTE | |
| General note | Includes bibliographical references and index. |
| 650 ## - SUBJECT ADDED ENTRY--TOPICAL TERM | |
| Topical term or geographic name as entry element | Educational psychology. |
| 650 ## - SUBJECT ADDED ENTRY--TOPICAL TERM | |
| Topical term or geographic name as entry element | Learning, Psychology of. |
| Withdrawn status | Lost status | Damaged status | Home library | Current library | Shelving location | Date acquired | Source of acquisition | Total Checkouts | Total Renewals | Full call number | Barcode | Date last seen | Date last borrowed | Price effective from | Koha item type |
|---|---|---|---|---|---|---|---|---|---|---|---|---|---|---|---|
| College Library | College Library | Reserve Section | 04/26/2019 | LIBRARY FUND | 5 | 24 | LB 1051 .Sa237 2018 | C21813 | 06/07/2021 | 05/21/2021 | 04/26/2019 | Books |